000 00278nam a22001217a 4500
008 230607b xxu||||| |||| 00| 0 eng d
020 _a0004483693
082 _a912
_bCOL
245 _aCollins World Atlas
260 _bHarper collins publishers
300 _a64p
942 _2ddc
_cBK
999 _c808
_d808